Nordic Cross Flags - Statistics

General Stats
  • This quiz has been taken 26 times
  • The average score is 11 of 18
Answer Stats
Picture Answer % Correct
Denmark
100%
Finland
100%
Iceland
100%
Norway
100%
Sweden
100%
Faroe Islands (autonomous country in Denmark)
89%
Åland (autonomous region of Finland)
79%
Shetland (part of Scotland)
63%
Orkney (part of Scotland)
53%
Scania (Swedish province, formerly Danish)
53%
Frisia (part of the Netherlands and Germany, unofficial flag)
42%
Estonia proposed flag
37%
Bornholm (part of Denmark, unofficial flag)
32%
Ingria (historical part of Russia)
32%
Karelia (part of Finland and Russia, unofficial flag)
32%
West Germany proposed flag
32%
South Uist of Outer Hebrides (part of Scotland)
26%
Normandy (French region, unofficial flag)
21%
No matching quizzes found
Score Distribution
Percent of People with Each Score
Percentile by Number Answered
Your Score History
You have not taken this quiz